00468nam a22001577a 4500003000500000005001700005008004100022020001500063050002400078082002700102245009600129260003900225300002400264526001600288562000600304PILC20151014110804.0130208t xxu||||| |||| 00| 0 eng d a9715843743 aPL 6054b.M313 2005 aFIL 808.0427bM31 2005 aKomunikasyon sa akademikong Filipinob(batayang aklat sa Filipino 1)cJosefina C. Mangahis. aManila :bC & E Publishing,c2005. a277 pages :c23 cm. c1210L-1700L e1